| 000 | 00598nam a2200205 u 4500 | ||
|---|---|---|---|
| 005 | 20240228063618.0 | ||
| 008 | 140826s2011 r 000 0 eng d | ||
| 035 | _aUPN01000199176 | ||
| 049 | _aI | ||
| 050 | 4 |
_aPZ21 _bR4.6 |
|
| 100 | 1 |
_aRessouni-Demigneux, Karim, _d1965- _936124 |
|
| 245 | 1 | 3 |
_aEl ogro / _cKarim Ressouni-Demigneux ; il. Thierry Dedieu. |
| 260 |
_aMéxico : _bTecolote, _c2011. |
||
| 300 |
_a[28] p. : _bil. col. |
||
| 534 |
_aTítulo original: _bl´ogre |
||
| 650 | 4 |
_aLiteratura infantil francesa _913687 |
|
| 905 | _aInfantil | ||
| 999 |
_c171277 _d171277 |
||